| 000 | 00478nam a2200157 4500 | ||
|---|---|---|---|
| 020 | _a978-968-817-836-2 | ||
| 050 | _aTD345 C743 2008 | ||
| 082 | _a628.161 C743p | ||
| 110 | _aComisión Nacional del Agua | ||
| 245 | _aPrograma Nacional Hídrico 2007-2012 / Comisión Nacional del Agua | ||
| 250 | _a1 | ||
| 260 | _aMéxico : SEMARNAT | ||
| 300 | _a193 p. / 29 cm. | ||
| 500 | _aIncluye CD-ROM | ||
| 650 | _a1. ABASTECIMIENTO DE AGUA / 2. DESARROLLO DE RECURSOS HIDROLÓGICOS | ||
| 999 |
_c25734 _d25734 |
||